| 000 | 00639nam a2200181Ia 4500 | ||
|---|---|---|---|
| 008 | 100920s9999 xx 000 0 und d | ||
| 082 |
_b107621 _a28 व 891,43 न 07 |
||
| 100 | _aआर्य श्रीवास्तव. | ||
| 245 | _aवृज की लोककथाएं. | ||
| 260 |
_bकिरण प्रकाशन , दिल्ली. _c2007 |
||
| 300 |
_a52 _bसाधी |
||
| 365 | _b70 | ||
| 520 | _aबा.वि.हिंदी. | ||
| 630 | _aवृज की लोककथाएं. | ||
| 650 | _aबा.वि.हिंदी. | ||
| 730 | _aवृज की लोककथाएं. | ||
| 942 | _cBOOK | ||
| 999 |
_c748045 _d748042 |
||